000 03719cam a2200301 4500500
005 20251228053010.0
041 _afre
042 _adc
100 1 0 _aVadelorge, Loïc
_eauthor
245 0 0 _aLe programme d'histoire et d'évaluation des villes nouvelles : bilan et perspectives de la recherche historique
260 _c2007.
500 _a73
520 _aRésuméEntre 1999 et 2005, les villes nouvelles françaises ont fait l’objet d’un vaste Programme d’histoire et d’évaluation confié à Jean-Eudes Roullier. À l’occasion de ce programme, les historiens ont réinvesti un champ de recherche qu’ils avaient abordé une première fois à la fin des années 1980. L’achèvement de la Mission Roullier permet de mesurer l’état de la recherche historique sur les villes nouvelles. Si la question des origines reste ouverte, le phevn a aussi permis d’aborder les périodes les plus récentes de réalisation et de gestion des villes nouvelles. De même, alors que l’histoire culturelle avait été absente des premières recherches, elle a fortement conditionné les travaux les plus récents, tant dans les méthodes que dans les sujets de recherche. Le phevn participe du renouveau de l’histoire urbaine du contemporain, dans laquelle il devrait trouver ses prolongements naturels.
520 _aBetween 1999 and 2005, Jean-Eudes Roullier directed a vast history and evaluation programme on new towns in France. This was the occasion for historians to reinvest in a field of research originally opened up at the end of the eighties. At a result of this programme, we are now able to assess the state of historical research on new towns in France. If the question of origins is still open, the historians have analysed both the building and the management of new towns during the sixties, seventies and eighties. Cultural history, which was absent from the first phase, has now become a strong influence both methodologically and in terms of research subjects. This programme contributes to the revival of contemporary urban French history and will be stimulus for further developments.
520 _aResumenEntre 1999 y 2005, las ciudades nuevas francesas fueron objeto de un importante programa de historia y de evaluación que le fue confiado a Jean-Eudes Roullier. Aprovechando esta ocasión, los historiadores renovaron el campo de investigación que anteriormente había sido estudiado durante los años 80. Al finalizar la Misión Roullier se pudo evaluar el estado de la investigación histórica sobre las nuevas ciudades. Aun si la pregunta sobre la origen permanece vigente, el phevn ha permitido estudiar también los periodos más reciente de la elaboración y la gestión de las llamadas ciudades nuevas. Así mismo, a pesar de que la historia cultural había estado ausente en las primeras investigaciones, ella condicionó de manera importante los trabajos más recientes, tanto a nivel metodológico como en la selección de los temas de investigación. El phevn contribuye a la renovación de la historia urbana del contexto contemporáneo, en el cual se encuentran sus prolongaciones naturales.
690 _ahistoriographie
690 _aInstitut d'histoire du temps présent
690 _amémoire
690 _aprogramme d'histoire et d'évaluation
690 _avilles nouvelles
690 _ahistoriography
690 _ahistory and evaluation programme
690 _aInstitute of Contemporary history
690 _amemory
690 _anew towns
786 0 _nEspaces et sociétés | 130 | 3 | 2007-09-10 | p. 27-40 | 0014-0481
856 4 1 _uhttps://shs.cairn.info/revue-espaces-et-societes-2007-3-page-27?lang=fr&redirect-ssocas=7080
999 _c1584961
_d1584961